Dôvodová správa k zákonu o daniach z príjmov

Dôvodová správa k zákonu o daniach z príjmov. Zdaňovanie príjmov fyzických osôb a právnických osôb. Základné zásady dane z príjmov fyzických osôb. Prehľad platných daňových pásiem a daňových sadzieb. Daň z príjmov uplatňovaná v niektorých krajinách Európskej únie a v Českej republike. Paušálne dane...

Descrizione completa

Salvato in:
Dettagli Bibliografici
Natura: Capitolo di libro
Lingua:slovacco
Soggetti:
Tags: Aggiungi Tag
Nessun Tag, puoi essere il primo ad aggiungerne!!

MARC

LEADER 00000naa a2200000 4500
001 r036786
005 20230926082055.3
041 0 |a slo 
044 |a SK 
245 1 0 |a Dôvodová správa k zákonu o daniach z príjmov 
520 |a Dôvodová správa k zákonu o daniach z príjmov. Zdaňovanie príjmov fyzických osôb a právnických osôb. Základné zásady dane z príjmov fyzických osôb. Prehľad platných daňových pásiem a daňových sadzieb. Daň z príjmov uplatňovaná v niektorých krajinách Európskej únie a v Českej republike. Paušálne dane v zahraničí. Paušálne dane v SR. Porovnanie navrhovanej úpravy zákona o daniach z príjmov so súčasným stavom. Modelové príklady porovnania zdaňovania príjmov živnostníkov. 
610 2 0 |a dane z príjmov 
610 2 0 |a správy dôvodové 
610 2 0 |a zákony 
610 2 0 |a Slovensko 
610 2 0 |a osoby fyzické 
610 2 0 |a osoby právnické 
610 2 0 |a zdaňovanie 
610 2 0 |a Európska únia 
610 2 0 |a Česko 
610 2 0 |a sadzby daňové 
610 2 0 |a dane paušálne 
610 2 0 |a zaťaženie daňové 
610 2 0 |a príjmy 
610 2 0 |a živnostníci